| 000 | 00737nam a2200241 i 4500 | ||
|---|---|---|---|
| 001 | 6215 | ||
| 003 | ES-MaACL | ||
| 005 | 20230906144833.0 | ||
| 007 | t| | ||
| 008 | 890829s1976 xxu ||||1| eng d | ||
| 020 | _a90-277-0375-2 | ||
| 080 | _a114/115 | ||
| 245 | 0 | 4 |
_aThe Concepts of space and time _b: their structure and their development / _cedited by Milic Capek. |
| 260 |
_aDordrecht, Holland : _bD. Reidel, _ccop. 1976. |
||
| 300 |
_aLVII, 570 p. ; _c23 cm. |
||
| 490 | 1 |
_aSynthese Library ; _v74 |
|
| 500 | _aIndice. | ||
| 650 | 1 | 4 |
_aEspacio y tiempo. _912462 |
| 700 | 1 |
_aCapek, Milic. _934812 |
|
| 830 | 0 |
_aSynthese Library ; _v74 _9189215 |
|
| 852 |
_aES-MaACL _jL-13309 _bR.115884 _z. - rust. |
||
| 999 |
_c6215 _d6215 |
||